000 00193nam a2200085Ia 4500
008 170620s9999 xx 000 0 und d
100 _aM.LAXMIKANT
245 0 _aLOK PRASHASHAN
260 _bTata Mc Graw Hill
260 _c2013
999 _c29694
_d29694